LEADER 01076nam0-22003371i-450- 001 990002562280403321 005 20090909112637.0 035 $a000256228 035 $aFED01000256228 035 $a(Aleph)000256228FED01 035 $a000256228 100 $a20030910d1966----km-y0itay50------ba 101 0 $aeng 200 1 $aMethods of numerical approximation$fedited by D. C. Handscomb 210 $aOxford ; New York,$cPergamon Press$d1966 215 $aix, 218 p.$d23 cm 300 $aLectures given in Sept. 1965 at a summer school held by the Oxford University Computing Laboratory, with the cooperation of the Delegacy for Extra-Mural Studies 610 0 $aAnalisi numerica 610 0 $aApprossimazione 610 0 $aInterpolazione 676 $a517.6 702 1$aHandscomb,$bDavid Christopher 801 0$aIT$bUNINA$gRICA$2UNIMARC 901 $aBK 912 $a990002562280403321 952 $a8-E-17$b7276$fMA1 952 $aMXIV-B-33$b919$fMAS 959 $aMA1 959 $aMAS 996 $aMethods of numerical approximation$9436894 997 $aUNINA LEADER 01436cam0-22004571i-450- 001 990000379100403321 005 20060130164535.0 035 $a000037910 035 $aFED01000037910 035 $a(Aleph)000037910FED01 035 $a000037910 100 $a20020821g19121918km-y0itay50------ba 101 0 $aita 102 $aIT 105 $ay---j---001yy 200 1 $aManuale di fisica, ad uso delle scuole secondarie e superiori$fBernardo Dessau 210 $aMilano$cSocietā Editrice Libraria$d1912-1918 215 $a3 v. (XII, 500; VII, 612; VII, 760 p.)$d26 cm 327 1 $a1.: Meccanica. - 1912$a2.: Acustica, termologia, ottica. - 1915$a3.: Elettrologia. - 1918 610 0 $aMeccanica 610 0 $aArgomenti tecnici e scientifici vari 610 0 $aElettricitā 676 $a530 676 $a531 676 $a537 700 1$aDessau,$bBernardo$02855 801 0$aIT$bUNINA$gRICA$2UNIMARC 901 $aBK 912 $a990000379100403321 952 $a04 040-11/1$bOPV CI 0140$fDINCH 952 $a04 040-11/2$bOPV CI 0140$fDINCH 952 $a04 040-11/3$bOPV CI 0140$fDINCH 952 $a04 040-11/1-3$bOPV CI 0140$fDINCH 952 $a07 I-26$fDINSC 952 $a13 N 03 22$b4541$fFINBC 952 $a13 N 03 23$b4543$fFINBC 959 $aDINCH 959 $aDINSC 959 $aFINBC 996 $aManuale di fisica, ad uso delle scuole secondarie e superiori$9135638 997 $aUNINA